<?xml version="1.0" encoding="UTF-8"?>
<record
    xmlns:xsi="http://www.w3.org/2001/XMLSchema-instance"
    xsi:schemaLocation="http://www.loc.gov/MARC21/slim http://www.loc.gov/standards/marcxml/schema/MARC21slim.xsd"
    xmlns="http://www.loc.gov/MARC21/slim">

  <leader>01316    a2200253   4500</leader>
  <controlfield tag="001">2162214035926813</controlfield>
  <controlfield tag="003">UA-OsUOA</controlfield>
  <controlfield tag="005">20260513114425.0</controlfield>
  <controlfield tag="008">260513b        un ||||| |||| 00| fdukr d</controlfield>
  <datafield tag="020" ind1=" " ind2=" ">
    <subfield code="a">9786177323951</subfield>
  </datafield>
  <datafield tag="040" ind1=" " ind2=" ">
    <subfield code="a">UA-OsUOA</subfield>
    <subfield code="b">ukr</subfield>
    <subfield code="c">UA-OsUOA</subfield>
    <subfield code="d">UA-OsUOA</subfield>
  </datafield>
  <datafield tag="041" ind1=" " ind2=" ">
    <subfield code="a">ukr</subfield>
  </datafield>
  <datafield tag="080" ind1=" " ind2=" ">
    <subfield code="a">821.161.2</subfield>
  </datafield>
  <datafield tag="090" ind1=" " ind2=" ">
    <subfield code="a">821.161.2</subfield>
    <subfield code="b">C19</subfield>
  </datafield>
  <datafield tag="100" ind1=" " ind2=" ">
    <subfield code="a">&#x421;&#x430;&#x43F;&#x43E;&#x43D; &#x412;.</subfield>
    <subfield code="9">25222</subfield>
  </datafield>
  <datafield tag="245" ind1=" " ind2=" ">
    <subfield code="a">&#x427;&#x443;&#x431;&#x430;&#x440;&#x435;&#x439;&#x43A;&#x43E; &#x43D;&#x435;&#x431;&#x43E; &#x43E;&#x440;&#x435;</subfield>
    <subfield code="b">&#x449;&#x43E;&#x434;&#x435;&#x43D;&#x43D;&#x438;&#x43A;&#x43E;&#x432;&#x430; &#x43F;&#x440;&#x43E;&#x437;&#x430;</subfield>
  </datafield>
  <datafield tag="260" ind1=" " ind2=" ">
    <subfield code="a">&#x427;&#x435;&#x440;&#x43D;&#x456;&#x432;&#x446;&#x456;</subfield>
    <subfield code="b">&#x414;&#x435;&#x441;&#x43D;&#x430; &#x41F;&#x43E;&#x43B;&#x456;&#x433;&#x440;&#x430;&#x444;</subfield>
    <subfield code="c">2016</subfield>
  </datafield>
  <datafield tag="300" ind1=" " ind2=" ">
    <subfield code="a">224 &#x441;.</subfield>
  </datafield>
  <datafield tag="520" ind1=" " ind2=" ">
    <subfield code="a">&#x423; &#x449;&#x43E;&#x434;&#x435;&#x43D;&#x43D;&#x438;&#x43A;&#x43E;&#x432;&#x456;&#x439; &#x43F;&#x440;&#x43E;&#x437;&#x456;, &#x43D;&#x430;&#x43F;&#x438;&#x441;&#x430;&#x43D;&#x456;&#x439; &#x44F;&#x43A; &#x43D;&#x435;&#x432;&#x435;&#x43B;&#x438;&#x447;&#x43A;&#x456; &#x43D;&#x43E;&#x432;&#x435;&#x43B;&#x438;, &#x43F;&#x43E;&#x440;&#x438;&#x43D;&#x430;&#x454;&#x43C;&#x43E; &#x443; &#x43D;&#x43E;&#x441;&#x442;&#x430;&#x43B;&#x44C;&#x433;&#x456;&#x439;&#x43D;&#x456; &#x447;&#x430;&#x441;&#x438; &#x434;&#x438;&#x442;&#x438;&#x43D;&#x441;&#x442;&#x432;&#x430; &#x456; &#x44E;&#x433;&#x43E;&#x441;&#x442;&#x456; &#x43F;&#x438;&#x441;&#x44C;&#x43C;&#x435;&#x43D;&#x43D;&#x438;&#x43A;&#x430; &#x447;&#x438; &#x440;&#x430;&#x43F;&#x442;&#x43E;&#x432;&#x43E; &#x43F;&#x43E;&#x442;&#x440;&#x430;&#x43F;&#x43B;&#x44F;&#x454;&#x43C;&#x43E; &#x432; &#x441;&#x443;&#x447;&#x430;&#x441;&#x43D;&#x438;&#x439; &#x43A;&#x43E;&#x43C;&#x43F;'&#x44E;&#x442;&#x435;&#x440;&#x43D;&#x438;&#x439; &#x441;&#x432;&#x456;&#x442;, &#x434;&#x435;, &#x43D;&#x430; &#x436;&#x430;&#x43B;&#x44C;, &#x43A;&#x440;&#x430;&#x441;&#x43D;&#x43E;&#x43C;&#x443; &#x43F;&#x438;&#x441;&#x44C;&#x43C;&#x435;&#x43D;&#x441;&#x442;&#x432;&#x443;, &#x434;&#x43E; &#x44F;&#x43A;&#x43E;&#x433;&#x43E; &#x447;&#x430;&#x441;&#x442;&#x43E; &#x437;&#x432;&#x435;&#x440;&#x442;&#x430;&#x454;&#x442;&#x44C;&#x441;&#x44F; &#x430;&#x432;&#x442;&#x43E;&#x440;, &#x432;&#x441;&#x435; &#x43C;&#x435;&#x43D;&#x448;&#x435; &#x456; &#x43C;&#x435;&#x43D;&#x448;&#x435; &#x437;&#x430;&#x43B;&#x438;&#x448;&#x430;&#x454;&#x442;&#x44C;&#x441;&#x44F; &#x43C;&#x456;&#x441;&#x446;&#x44F; &#x43F;&#x456;&#x434; &#x441;&#x43E;&#x43D;&#x446;&#x435;&#x43C;.</subfield>
  </datafield>
  <datafield tag="650" ind1=" " ind2=" ">
    <subfield code="a">82 &#x41B;&#x456;&#x442;&#x435;&#x440;&#x430;&#x442;&#x443;&#x440;&#x430;. &#x41B;&#x456;&#x442;&#x435;&#x440;&#x430;&#x442;&#x443;&#x440;&#x43E;&#x437;&#x43D;&#x430;&#x432;&#x441;&#x442;&#x432;&#x43E;</subfield>
    <subfield code="9">15</subfield>
  </datafield>
  <datafield tag="942" ind1=" " ind2=" ">
    <subfield code="c">BK</subfield>
    <subfield code="2">udc</subfield>
  </datafield>
  <datafield tag="955" ind1=" " ind2=" ">
    <subfield code="a">3</subfield>
  </datafield>
  <datafield tag="999" ind1=" " ind2=" ">
    <subfield code="c">580693</subfield>
    <subfield code="d">580693</subfield>
  </datafield>
  <datafield tag="952" ind1=" " ind2=" ">
    <subfield code="0">0</subfield>
    <subfield code="1">0</subfield>
    <subfield code="2">udc</subfield>
    <subfield code="4">0</subfield>
    <subfield code="7">0</subfield>
    <subfield code="8">C_Shevchuk_V.</subfield>
    <subfield code="a">101</subfield>
    <subfield code="b">101</subfield>
    <subfield code="d">2026-05-13</subfield>
    <subfield code="e">&#x410;&#x43A;&#x442; &#x2116;24/28.04.2026</subfield>
    <subfield code="g">15.00</subfield>
    <subfield code="i">169925</subfield>
    <subfield code="l">0</subfield>
    <subfield code="o">821.161.2 C19</subfield>
    <subfield code="p">196925</subfield>
    <subfield code="r">2026-05-13 11:45:37</subfield>
    <subfield code="v">15.00</subfield>
    <subfield code="w">2026-05-13</subfield>
    <subfield code="y">BK</subfield>
  </datafield>
</record>
